[Event "Olimpiade 2022 - Open"]
[Site "Chennai"]
[Date "06.08.2022"]
[Round "8.25"]
[Board "2"]
[White "Dragnev, Valentin"]
[Black "Murphy, Conor E"]
[Result "1/2-1/2"]
[WhiteTitle "GM"]
[BlackTitle "IM"]
[WhiteElo "2557"]
[BlackElo "2404"]
[WhiteTeam "Austria"]
[BlackTeam "Ireland"]
[WhiteFideId "1634852"]
[BlackFideId "421669"]
[EventDate "2022.07.29"]

1. e4 e5 2. Nf3 Nc6 3. Bb5 Nf6 4. d3 Bc5 5. c3 O-O 6. O-O d5 7. exd5 Qxd5 8. Bc4
Qd8 9. Nbd2 a5 10. h3 h6 11. Re1 Re8 12. Qb3 Re7 13. a4 Rb8 14. Ne4 Nxe4 15.
dxe4 Be6 16. Be3 Bxe3 17. Rxe3 Bxc4 18. Qxc4 Rd7 19. Ree1 Qf6 20. Rad1 Rbd8 21.
Qb3 b6 22. Rxd7 Rxd7 23. Rd1 Qe6 24. Qc2 Rd6 25. Rxd6 Qxd6 26. Qe2 Nb8 27. Qc4
Nd7 28. b4 c6 29. Kh2 Nf8 30. Qb3 Nd7 31. bxa5 bxa5 32. Qb7 Nf8 33. Qa7 Qf6 34.
Qxa5 Qf4+ 35. Kh1 Qxe4 36. Nxe5 Qe1+ 37. Kh2 Qxf2 38. Nf3 Qe3 39. Qe5 Qa7 40. a5
c5 41. a6 Qxa6 42. Qxc5 Ne6 43. Qe7 Qb5 44. Qb4 Qc6 45. Qb8+ Nf8 46. Qe5 Ng6 47.
Qd4 1/2-1/2

[Event "Olimpiade 2022 - Open"]
[Site "Chennai"]
[Date "06.08.2022"]
[Round "8.25"]
[Board "3"]
[White "O'Gorman, Tom"]
[Black "Shengelia, David"]
[Result "1-0"]
[WhiteTitle "FM"]
[BlackTitle "GM"]
[WhiteElo "2401"]
[BlackElo "2462"]
[WhiteTeam "Ireland"]
[BlackTeam "Austria"]
[WhiteFideId "2508249"]
[BlackFideId "13601270"]
[EventDate "2022.07.29"]

1. d4 Nf6 2. c4 e6 3. Nc3 Bb4 4. f3 d5 5. a3 Be7 6. e4 dxc4 7. Be3 a6 8. Bxc4 b5
9. Ba2 Bb7 10. Nge2 Nbd7 11. e5 Nd5 12. Nxd5 Bxd5 13. Bxd5 exd5 14. O-O Nb6 15.
f4 f5 16. g4 fxg4 17. f5 Bg5 18. Nf4 h5 19. Qe2 Bxf4 20. Bxf4 O-O 21. Qd3 Qd7
22. Bg3 Rac8 23. Rae1 c5 24. dxc5 Rxc5 25. e6 Qe7 26. f6 gxf6 27. Bd6 Qxd6 28.
Qg6+ Kh8 29. e7 Rcc8 30. Rf5 1-0

[Event "Olimpiade 2022 - Open"]
[Site "Chennai"]
[Date "06.08.2022"]
[Round "8.25"]
[Board "4"]
[White "Horvath, Dominik"]
[Black "Kanyamarala, Tarun"]
[Result "0-1"]
[WhiteTitle "IM"]
[BlackTitle "FM"]
[WhiteElo "2488"]
[BlackElo "2379"]
[WhiteTeam "Austria"]
[BlackTeam "Ireland"]
[WhiteFideId "1642561"]
[BlackFideId "45004714"]
[EventDate "2022.07.29"]

1. Nf3 d5 2. g3 Nf6 3. Bg2 e6 4. d4 c5 5. c4 dxc4 6. O-O Nc6 7. Qa4 Bd7 8. Qxc4
b5 9. Qc3 b4 10. Qd3 Rc8 11. dxc5 Bxc5 12. Nbd2 O-O 13. Nb3 Be7 14. Be3 Qc7 15.
Rac1 Qb8 16. Nc5 Be8 17. Na6 Qb7 18. Nc5 Qb8 19. Qa6 Nd5 20. Bg5 Nd4 21. Nxd4
Bxg5 22. Bxd5 Bxc1 23. Rxc1 exd5 24. Nf5 Bb5 25. Qd6 Qxd6 26. Nxd6 Rc6 27. Nf5
Rc7 28. a3 bxa3 29. b4 a5 30. Nd6 Bxe2 31. bxa5 Rb8 0-1

[Event "Olimpiade 2022 - Open"]
[Site "Chennai"]
[Date "06.08.2022"]
[Round "8.26"]
[Board "1"]
[White "Mchedlishvili, Mikheil"]
[Black "Rohl Montes, Juan Armando"]
[Result "1-0"]
[WhiteTitle "GM"]
[BlackTitle "IM"]
[WhiteElo "2593"]
[BlackElo "2382"]
[WhiteTeam "Georgia"]
[BlackTeam "Venezuela"]
[WhiteFideId "13600966"]
[BlackFideId "3900487"]
[EventDate "2022.07.29"]

1. c4 e5 2. Nc3 d6 3. Nf3 f5 4. g3 Nf6 5. d4 e4 6. Nh4 c6 7. Bg5 Be7 8. e3 O-O
9. Ng2 Na6 10. Nf4 Nc7 11. h4 Ne6 12. Qb3 Qb6 13. Be2 Nxf4 14. Bxf4 Be6 15. O-O
h6 16. Na4 Qxb3 17. axb3 Nd7 18. h5 Nf6 19. Kg2 Bf7 20. Rh1 b5 21. Nc3 bxc4 22.
bxc4 Rfb8 23. c5 Ne8 24. Na4 Rb4 25. cxd6 Bxd6 26. Bxd6 Nxd6 27. Rhc1 Bd5 28.
Bd1 Nc4 29. b3 Nd2 30. Nc5 Bxb3 31. Nxb3 Nxb3 32. Rcb1 Rab8 33. Bxb3+ Rxb3 34.
Rxb3 Rxb3 35. Rxa7 Rb5 36. Rc7 Rb6 37. Re7 Kf8 38. Re5 Rb5 39. Re6 Rb6 40. d5
Rb5 41. dxc6 Rc5 42. Rd6 Ke7 43. Rd7+ Kf6 44. c7 g5 45. g4 fxg4 46. Kg3 Kf5 47.
Rd5+ Ke6 1-0

[Event "Olimpiade 2022 - Open"]
[Site "Chennai"]
[Date "06.08.2022"]
[Round "8.26"]
[Board "2"]
[White "Palomo, Franklin Annervys"]
[Black "Paichadze, Luka"]
[Result "0-1"]
[WhiteTitle "FM"]
[BlackTitle "GM"]
[WhiteElo "2324"]
[BlackElo "2561"]
[WhiteTeam "Venezuela"]
[BlackTeam "Georgia"]
[WhiteFideId "3906965"]
[BlackFideId "13602934"]
[EventDate "2022.07.29"]

1. d4 Nf6 2. Nf3 e6 3. c4 b6 4. g3 Bb7 5. Bg2 Bb4+ 6. Bd2 a5 7. O-O O-O 8. a3
Bxd2 9. Qxd2 d6 10. Nc3 Ne4 11. Qc2 Nxc3 12. Qxc3 Nd7 13. Rfe1 Nf6 14. Nd2 Bxg2
15. Kxg2 Qe7 16. e4 e5 17. Nf3 Rfe8 18. d5 a4 19. Re2 Nd7 20. Ne1 Qg5 21. Qe3
Qg6 22. Nf3 Nc5 23. Nh4 Qf6 24. Rf1 b5 25. cxb5 Rab8 26. Rc1 Rxb5 27. Rc4 Reb8
28. Qc3 Rb3 29. Qc2 g6 30. Rc3 Rxc3 31. Qxc3 Rb3 32. Qc4 Kg7 33. h3 h6 34. Qc2
Nd3 35. Qxc7 Qg5 36. Kf1 Nxb2 37. Qxd6 Nc4 38. Qc7 Qc1+ 39. Kg2 Ne3+ 0-1

[Event "Olimpiade 2022 - Open"]
[Site "Chennai"]
[Date "06.08.2022"]
[Round "8.26"]
[Board "3"]
[White "Pantsulaia, Levan"]
[Black "Castro Torres, Jose Luis"]
[Result "1-0"]
[WhiteTitle "GM"]
[BlackTitle "FM"]
[WhiteElo "2581"]
[BlackElo "2326"]
[WhiteTeam "Georgia"]
[BlackTeam "Venezuela"]
[WhiteFideId "13602071"]
[BlackFideId "3901831"]
[EventDate "2022.07.29"]

1. Nf3 Nf6 2. g3 g6 3. b3 Bg7 4. Bb2 O-O 5. Bg2 d5 6. c4 Nc6 7. O-O d4 8. b4 e5
9. b5 Na5 10. d3 Re8 11. Nbd2 c5 12. bxc6 Nxc6 13. Nb3 Qc7 14. Ba3 b6 15. Nbd2
h6 16. Ne1 Bb7 17. Qa4 Na5 18. Bxb7 Nxb7 19. f3 Nd7 20. Rb1 f5 21. Nc2 Nbc5 22.
Bxc5 Nxc5 23. Qb5 Qd6 24. Nb3 a6 25. Qb4 Re6 26. Nxc5 bxc5 27. Qb7 Rae8 28. a4
R8e7 29. Qb8+ Kh7 30. Qxd6 Rxd6 31. Na1 e4 32. fxe4 fxe4 33. Nb3 Rc6 34. Nd2
exd3 35. exd3 h5 36. Ne4 Bh6 37. Rf6 Be3+ 38. Kg2 Rxf6 39. Nxf6+ Kg7 40. Ne4 Rc7
41. Rb6 g5 42. a5 Rf7 43. Rxa6 g4 44. Rb6 1-0

[Event "Olimpiade 2022 - Open"]
[Site "Chennai"]
[Date "06.08.2022"]
[Round "8.26"]
[Board "4"]
[White "Escalona Landi, Samid Eduardo"]
[Black "Gelashvili, Tamaz"]
[Result "0-1"]
[WhiteTitle "CM"]
[BlackTitle "GM"]
[WhiteElo "2191"]
[BlackElo "2549"]
[WhiteTeam "Venezuela"]
[BlackTeam "Georgia"]
[WhiteFideId "3937437"]
[BlackFideId "13600702"]
[EventDate "2022.07.29"]

1. Nf3 c5 2. c4 Nc6 3. g3 g6 4. Bg2 Bg7 5. Nc3 Nh6 6. a3 a5 7. d3 Nf5 8. O-O O-O
9. Bd2 d6 10. Rb1 Bd7 11. Ne1 Rb8 12. Nc2 Nfd4 13. Nxd4 cxd4 14. Nb5 Qc8 15. b4
axb4 16. axb4 Bh3 17. Ra1 Bxg2 18. Kxg2 Qd7 19. Qb3 h5 20. Na3 h4 21. b5 h3+ 22.
Kg1 Nd8 23. Nc2 Ne6 24. Nb4 Nc5 25. Qc2 e6 26. Ra7 Qd8 27. Rfa1 f5 28. f3 g5 29.
Rf1 g4 30. f4 Re8 31. Raa1 Rc8 32. Qa2 Qd7 33. Rf2 Bf6 34. Bc1 Kh7 35. Bd2 Kg6
36. Rff1 Qg7 37. Be1 Bd8 38. Bf2 Bb6 39. Qb2 Nd7 40. Rfe1 Bc5 41. Nc2 e5 42. e3
dxe3 43. Bxe3 exf4 44. Qxg7+ Kxg7 45. gxf4 Kg6 46. Kf2 Bxe3+ 47. Rxe3 Nc5 48.
Nd4 Ra8 49. Rxe8 Rxe8 50. Ra3 Kf6 51. Ne2 d5 52. cxd5 Rd8 53. Ke3 Rxd5 54. Rc3
Ne6 55. Rb3 Rc5 56. Rb2 b6 57. d4 Rc4 58. Kd3 Ra4 59. Rc2 Ra3+ 60. Rc3 Rxc3+ 61.
Kxc3 Nc7 62. Kc4 Ke7 63. d5 Ne8 64. Ng3 Nd6+ 65. Kb4 Kd7 66. Kb3 Ne4 67. Nf1 g3
68. hxg3 Nd2+ 0-1

[Event "Olimpiade 2022 - Open"]
[Site "Chennai"]
[Date "06.08.2022"]
[Round "8.27"]
[Board "1"]
[White "Grandelius, Nils"]
[Black "Bwalya, Gillan"]
[Result "1-0"]
[WhiteTitle "GM"]
[BlackTitle "IM"]
[WhiteElo "2655"]
[BlackElo "2396"]
[WhiteTeam "Sweden"]
[BlackTeam "Zambia"]
[WhiteFideId "1710400"]
[BlackFideId "8700257"]
[EventDate "2022.07.29"]

1. d4 Nf6 2. c4 e6 3. g3 d5 4. Bg2 dxc4 5. Nf3 Be7 6. Qa4+ c6 7. Qxc4 b5 8. Qd3
Nbd7 9. Be3 O-O 10. O-O Nd5 11. Nc3 a5 12. Rac1 Ba6 13. Ne4 h6 14. Ne5 Nxe5 15.
dxe5 b4 16. Qd2 Qc7 17. Nd6 Qd7 18. Bc5 f6 19. Ne4 fxe5 20. Bxe7 Qxe7 21. Rxc6
Rfd8 22. Qc2 Rac8 23. Rxc8 Rxc8 24. Qd2 Rd8 25. Bf3 Nb6 26. Qc2 Rc8 27. Qb1 Bb7
28. Qd3 Bd5 29. Qa6 Rb8 30. Qxa5 Nc4 31. Qc5 Qd7 32. b3 Rb5 33. bxc4 Rxc5 34.
Nxc5 Qd6 35. cxd5 Qxc5 36. dxe6 Qc4 37. Rd1 Kf8 38. Bd5 Qxe2 39. Bb3 g5 40. h3
e4 41. Rd8+ Kg7 42. Rd7+ Kf6 43. Rf7+ Kg6 44. Kg2 e3 45. Rf3 exf2 46. Rxf2 Qe4+
47. Kh2 Qe3 48. Bc2+ Kh5 49. Bd1+ Kg6 50. Bc2+ Kg7 1-0

[Event "Olimpiade 2022 - Open"]
[Site "Chennai"]
[Date "06.08.2022"]
[Round "8.27"]
[Board "2"]
[White "Mwali, Chitumbo"]
[Black "Blomqvist, Erik"]
[Result "0-1"]
[WhiteTitle "IM"]
[BlackTitle "GM"]
[WhiteElo "2320"]
[BlackElo "2521"]
[WhiteTeam "Zambia"]
[BlackTeam "Sweden"]
[WhiteFideId "8700265"]
[BlackFideId "1709437"]
[EventDate "2022.07.29"]

1. Nf3 d5 2. c4 d4 3. g3 Nc6 4. Bg2 e5 5. d3 Nf6 6. O-O a5 7. e3 Bc5 8. exd4
Bxd4 9. Nxd4 Nxd4 10. Re1 O-O 11. Rxe5 Bg4 12. f3 Nxf3+ 13. Bxf3 Qd4+ 14. Re3
Rae8 15. Nc3 Rxe3 16. Bxe3 Qxe3+ 17. Kg2 Rd8 18. Bxg4 Rxd3 19. Qe1 Nxg4 20. Rc1
Rd2+ 21. Kh3 Nf2+ 0-1

[Event "Olimpiade 2022 - Open"]
[Site "Chennai"]
[Date "06.08.2022"]
[Round "8.27"]
[Board "3"]
[White "Westerberg, Jonathan"]
[Black "Phiri, Richmond"]
[Result "1-0"]
[WhiteTitle "GM"]
[BlackTitle "IM"]
[WhiteElo "2476"]
[BlackElo "2293"]
[WhiteTeam "Sweden"]
[BlackTeam "Zambia"]
[WhiteFideId "1701754"]
[BlackFideId "8700443"]
[EventDate "2022.07.29"]

1. d4 Nf6 2. Nf3 e6 3. e3 c5 4. Bd3 b6 5. O-O Bb7 6. c4 Be7 7. Nc3 cxd4 8. exd4
d6 9. d5 e5 10. Ng5 Nbd7 11. f4 g6 12. Qf3 a6 13. a4 O-O 14. Qh3 exf4 15. Bxf4
h5 16. Qg3 Ng4 17. Nce4 Nde5 18. Be2 Rc8 19. h3 Nf6 20. Bxe5 dxe5 21. Qxe5 Nxe4
22. Nxe4 f5 23. Nf2 Bd6 24. Qe3 Re8 25. Qh6 Bh2+ 26. Kxh2 Qd6+ 27. Kg1 Rxe2 28.
Rae1 Rce8 29. Rxe2 Rxe2 30. Nd3 Qg3 31. Nf4 Rxb2 32. Qxg6+ Qxg6 33. Nxg6 b5 34.
axb5 axb5 35. c5 Kf7 36. Nf4 b4 37. c6 Ba6 38. Ra1 Bb5 39. Ra5 1-0

[Event "Olimpiade 2022 - Open"]
[Site "Chennai"]
[Date "06.08.2022"]
[Round "8.27"]
[Board "4"]
[White "Lungu, Nase"]
[Black "Berg, Emanuel"]
[Result "1-0"]
[WhiteTitle "FM"]
[BlackTitle "GM"]
[WhiteElo "2216"]
[BlackElo "2533"]
[WhiteTeam "Zambia"]
[BlackTeam "Sweden"]
[WhiteFideId "8700052"]
[BlackFideId "1704060"]
[EventDate "2022.07.29"]

1. c4 e5 2. Nc3 Nf6 3. Nf3 e4 4. Ng5 c6 5. Ngxe4 Nxe4 6. Nxe4 d5 7. cxd5 cxd5 8.
Ng3 h5 9. e3 h4 10. Ne2 Nc6 11. d4 Bd6 12. Nc3 Qg5 13. Qb3 O-O 14. Qxd5 Qg6 15.
a3 Rd8 16. Be2 h3 17. gxh3 Be5 18. Qf3 Bxd4 19. Qg3 Bxc3+ 20. bxc3 Qc2 21. e4
Qxe4 22. Rg1 g6 23. h4 Ne5 24. Kf1 Be6 25. f3 Qf5 26. Bf4 Nd3 27. Bg5 Re8 28. h5
Bc4 29. hxg6 fxg6 30. Rg2 Rxe2 31. Rxe2 Ne5 32. Bf4 Re8 1-0

[Event "Olimpiade 2022 - Open"]
[Site "Chennai"]
[Date "06.08.2022"]
[Round "8.28"]
[Board "1"]
[White "Georgiadis, Nico"]
[Black "Tissir, Mohamed"]
[Result "1-0"]
[WhiteTitle "GM"]
[BlackTitle "IM"]
[WhiteElo "2578"]
[BlackElo "2366"]
[WhiteTeam "Switzerland"]
[BlackTeam "Morocco"]
[WhiteFideId "1300113"]
[BlackFideId "9000240"]
[EventDate "2022.07.29"]

1. e4 c5 2. Nf3 d6 3. d4 cxd4 4. Nxd4 Nf6 5. Nc3 a6 6. Be3 Ng4 7. Bc1 Nf6 8. Be3
e6 9. Be2 Be7 10. f4 Qc7 11. g4 Nc6 12. g5 Nd7 13. h4 b5 14. Nxc6 Qxc6 15. Qd4
Rg8 16. O-O-O Rb8 17. a3 Rb7 18. Rhf1 Rc7 19. Kb1 Qc5 20. Qd2 Qc6 21. f5 Ne5 22.
fxe6 fxe6 23. Bd4 Nc4 24. Bxc4 Qxc4 25. g6 hxg6 26. Qg2 a5 27. Qxg6+ Kd7 28. e5
d5 29. Rf7 Re8 30. Bb6 b4 31. Nxd5 1-0

[Event "Olimpiade 2022 - Open"]
[Site "Chennai"]
[Date "06.08.2022"]
[Round "8.28"]
[Board "2"]
[White "Choukri, Adel"]
[Black "Bogner, Sebastian"]
[Result "1-0"]
[WhiteTitle "FM"]
[BlackTitle "GM"]
[WhiteElo "2306"]
[BlackElo "2545"]
[WhiteTeam "Morocco"]
[BlackTeam "Switzerland"]
[WhiteFideId "9000399"]
[BlackFideId "4692055"]
[EventDate "2022.07.29"]

1. e4 c5 2. Nf3 e6 3. d4 cxd4 4. Nxd4 Nc6 5. Nc3 Qc7 6. Ndb5 Qb8 7. Be3 a6 8.
Bb6 axb5 9. Nxb5 Bb4+ 10. c3 Ba5 11. Nc7+ Kf8 12. Nxa8 Qxa8 13. Qd6+ Nge7 14.
Qa3 f5 15. b4 fxe4 16. bxa5 Ke8 17. c4 Nf5 18. Be2 Qb8 19. Qc3 Rf8 20. h4 Qd6
21. Rd1 Qe7 22. g3 e5 23. Rd5 d6 24. Bg4 Be6 25. Bxf5 Rxf5 26. Qc2 Qf7 27. Rxd6
Bxc4 28. Qxe4 Rf6 29. Rxf6 gxf6 30. f3 f5 31. Qe3 f4 32. gxf4 Qg6 33. Rg1 Qb1+
34. Kf2 Qc2+ 35. Kg3 Ne7 36. Qxe5 Kf7 37. Qh5+ Ke6 38. Qe8 1-0

[Event "Olimpiade 2022 - Open"]
[Site "Chennai"]
[Date "06.08.2022"]
[Round "8.28"]
[Board "3"]
[White "Pelletier, Yannick"]
[Black "Hadj Kholti, Yasser"]
[Result "1-0"]
[WhiteTitle "GM"]
[WhiteElo "2551"]
[BlackElo "1871"]
[WhiteTeam "Switzerland"]
[BlackTeam "Morocco"]
[WhiteFideId "1301837"]
[BlackFideId "9003258"]
[EventDate "2022.07.29"]

1. d4 Nf6 2. c4 e6 3. Nf3 b6 4. g3 Bb4+ 5. Bd2 Bxd2+ 6. Qxd2 Bb7 7. Bg2 O-O 8.
O-O d6 9. Qd3 Be4 10. Qe3 Bb7 11. Nc3 Nbd7 12. Qd3 Qe7 13. e4 Rfd8 14. Rfe1 a6
15. Rad1 c5 16. Qc2 cxd4 17. Nxd4 Ne5 18. b3 Qc7 19. Qb2 Rac8 20. a4 Nc6 21. Nc2
Ne7 22. Ne3 Qc5 23. e5 Nfd5 24. Ne4 Nxe3 25. Nxc5 Nxd1 26. Rxd1 Bxg2 27. Rxd6
bxc5 28. Kxg2 Nc6 29. Qd2 Kf8 30. Qe3 Nd4 31. b4 Rxd6 32. exd6 Ke8 33. bxc5 Nc6
34. Qd3 Ne5 35. Qxh7 Rxc5 36. Qxg7 Kd7 37. h4 1-0

[Event "Olimpiade 2022 - Open"]
[Site "Chennai"]
[Date "06.08.2022"]
[Round "8.28"]
[Board "4"]
[White "Zrikem, Nassim"]
[Black "Baenziger, Fabian"]
[Result "1/2-1/2"]
[WhiteTitle "FM"]
[BlackTitle "IM"]
[WhiteElo "2075"]
[BlackElo "2451"]
[WhiteTeam "Morocco"]
[BlackTeam "Switzerland"]
[WhiteFideId "9002693"]
[BlackFideId "1330110"]
[EventDate "2022.07.29"]

1. e4 c5 2. Nf3 d6 3. Bb5+ Bd7 4. Qe2 Bxb5 5. Qxb5+ Qd7 6. Qxd7+ Nxd7 7. d3 Ngf6
8. Nc3 e6 9. O-O a6 10. a4 Be7 11. Re1 Rc8 12. Bf4 O-O 13. h3 Rfd8 14. a5 Bf8
15. g4 h6 16. Bg3 d5 17. e5 Nh7 18. Nd2 Nb8 19. Na4 Nc6 20. Nb6 Rc7 21. Red1 Nd4
22. c3 Ne2+ 23. Kg2 Nxg3 24. Kxg3 f6 25. exf6 Bd6+ 26. Kg2 gxf6 27. Re1 Nf8 28.
Ra4 Rc6 29. f4 Bc7 30. f5 Bxb6 31. axb6 Rxb6 32. b4 cxb4 33. Rxb4 Rdd6 34. Reb1
Rxb4 35. Rxb4 b5 36. Nb3 exf5 37. gxf5 Rc6 38. c4 bxc4 39. dxc4 dxc4 40. Na5 Rc5
41. Nxc4 Rxf5 42. Rb6 a5 43. Ra6 Rc5 44. Nxa5 Kg7 45. Nb7 Rc2+ 46. Kg3 Rc3+ 47.
Kh2 Kg6 48. Nd6 Nd7 49. Ne4 Rf3 50. Re6 Ne5 51. Nxf6 Kf5 52. Ra6 Nd3 53. Ng4 Kg5
54. Rxh6 Nf4 55. Rh8 Rxh3+ 1/2-1/2

[Event "Olimpiade 2022 - Open"]
[Site "Chennai"]
[Date "06.08.2022"]
[Round "8.29"]
[Board "2"]
[White "Kojima, Shinya"]
[Black "Gundavaa, Bayarsaikhan"]
[Result "0-1"]
[WhiteTitle "IM"]
[BlackTitle "GM"]
[WhiteElo "2346"]
[BlackElo "2503"]
[WhiteTeam "Japan"]
[BlackTeam "Mongolia"]
[WhiteFideId "7000812"]
[BlackFideId "4901045"]
[EventDate "2022.07.29"]

1. e4 c5 2. Nf3 d6 3. Bb5+ Nd7 4. Ba4 Nf6 5. O-O e6 6. d3 a6 7. c4 Be7 8. Nc3
O-O 9. h3 Qc7 10. Re1 Ne5 11. Be3 Nfd7 12. Rb1 Bf6 13. Nh2 Nc6 14. Ng4 Bd4 15.
Bxc6 bxc6 16. Bxd4 cxd4 17. Ne2 e5 18. Ng3 a5 19. Qf3 f6 20. h4 Nc5 21. Red1 Qd7
22. Nh2 g6 23. h5 Qg7 24. hxg6 hxg6 25. Qe2 f5 26. f3 Ra7 27. Nhf1 Qf6 28. Nh1
Rh7 29. Nf2 Kg7 30. Qd2 Qd8 31. b3 Rfh8 32. a3 Ne6 33. g3 f4 34. g4 Rh4 35. b4
Ng5 36. Kg2 Qg8 37. b5 Qh7 38. Qxa5 Rh1 39. Qc7+ Nf7 40. Nxh1 Qxh1+ 41. Kf2 Rh3
42. Ke1 Rxf3 43. Kd2 Rf2+ 44. Kc1 Bxg4 45. b6 Bxd1 46. b7 Rc2+ 47. Kxd1 Rf2 0-1

[Event "Olimpiade 2022 - Open"]
[Site "Chennai"]
[Date "06.08.2022"]
[Round "8.29"]
[Board "3"]
[White "Bilguun, Sumiya"]
[Black "Averbukh, Alex"]
[Result "1-0"]
[WhiteTitle "GM"]
[BlackTitle "CM"]
[WhiteElo "2463"]
[BlackElo "2155"]
[WhiteTeam "Mongolia"]
[BlackTeam "Japan"]
[WhiteFideId "4901541"]
[BlackFideId "2028255"]
[EventDate "2022.07.29"]

1. e4 e5 2. Bc4 Nf6 3. d3 c6 4. Bb3 a5 5. a3 d5 6. Nf3 a4 7. Ba2 Bd6 8. Nc3 d4
9. Ne2 O-O 10. O-O c5 11. Ng3 Be6 12. Nf5 Bxf5 13. exf5 Nc6 14. Bg5 h6 15. Bh4
Be7 16. Re1 Nd7 17. Bg3 Bf6 18. h3 Ne7 19. Nxe5 Nxe5 20. Bxe5 Nxf5 21. Qh5 Nd6
22. Bf4 Rc8 23. Qd5 Rc6 24. Re2 Nc8 25. Qh5 Ne7 26. Rae1 Qd7 27. Qf3 Ng6 28. Bg3
Bg5 29. Qd5 Qxd5 30. Bxd5 Rb6 31. Bc7 Rxb2 32. g3 Kh7 33. Re8 Rxc2 34. h4 Rxe8
35. Rxe8 Bf6 36. Bxf7 h5 37. Bg8+ Kh6 38. Bd5 Ne7 39. Bxb7 g5 40. Bd8 Re2 41.
Be4 Re1+ 42. Kg2 Nd5 43. hxg5+ Bxg5 44. Bxg5+ Kxg5 45. Re5+ Kf6 46. Rxd5 c4 47.
Rxd4 cxd3 48. Bxd3 Rd1 49. Rf4+ 1-0

[Event "Olimpiade 2022 - Open"]
[Site "Chennai"]
[Date "06.08.2022"]
[Round "8.29"]
[Board "4"]
[White "Kobayashi, Atsuhiko"]
[Black "Gan-Erdene, Sugar"]
[Result "0-1"]
[BlackTitle "IM"]
[WhiteElo "2156"]
[BlackElo "2428"]
[WhiteTeam "Japan"]
[BlackTeam "Mongolia"]
[WhiteFideId "7000049"]
[BlackFideId "4902980"]
[EventDate "2022.07.29"]

1. d4 Nf6 2. c4 g6 3. Nc3 Bg7 4. e4 d6 5. h3 O-O 6. Bg5 c5 7. d5 Qa5 8. Bd3 e6
9. Bd2 exd5 10. exd5 Nbd7 11. f4 Nh5 12. Nge2 Qd8 13. O-O f5 14. Qc2 Ndf6 15. a3
Bd7 16. b4 Qc7 17. Be3 Rae8 18. Rf3 Ne4 19. Kh2 Nxc3 20. Nxc3 Rxe3 21. Rxe3 Nxf4
22. Rae1 Be5 23. Kh1 cxb4 24. axb4 Qb6 25. Qb3 Qd4 26. Bf1 Nh5 27. Ne2 Qh4 28.
g3 Nxg3+ 29. Nxg3 Bxg3 30. R1e2 f4 31. Rf3 g5 32. Kg1 Bxh3 33. Bxh3 Qxh3 34. Rg2
Re8 35. Rfxg3 fxg3 36. Rxg3 Re1+ 0-1

[Event "Olimpiade 2022 - Open"]
[Site "Chennai"]
[Date "06.08.2022"]
[Round "8.30"]
[Board "1"]
[White "Megaranto, Susanto"]
[Black "Al Qudaimi, Basheer"]
[Result "1-0"]
[WhiteTitle "GM"]
[BlackTitle "IM"]
[WhiteElo "2529"]
[BlackElo "2424"]
[WhiteTeam "Indonesia"]
[BlackTeam "Yemen"]
[WhiteFideId "7101384"]
[BlackFideId "9400346"]
[EventDate "2022.07.29"]

1. d4 Nf6 2. Nf3 e6 3. c4 Bb4+ 4. Nbd2 d5 5. e3 Nbd7 6. a3 Be7 7. Bd3 c5 8. O-O
O-O 9. b3 b6 10. cxd5 Nxd5 11. Nc4 cxd4 12. exd4 Bb7 13. Bd2 Rc8 14. Rc1 a6 15.
b4 b5 16. Na5 Rxc1 17. Qxc1 Qa8 18. Qb1 g6 19. h4 Rc8 20. Nxb7 Qxb7 21. h5 Kg7
22. Re1 Bf6 23. Qb3 Qa7 24. Re4 N7b6 25. Ne5 Qc7 26. Ng4 Be7 27. Re1 Nf4 28. d5
Nbxd5 29. h6+ Kg8 30. Be4 Nf6 31. Nxf6+ Bxf6 32. Qf3 e5 33. g3 Nh5 34. Be3 Be7
35. Rc1 Qb8 36. Rxc8+ Qxc8 37. Bb7 Qe6 38. Bd5 Qf6 39. Qg4 Qd6 40. Qc8+ Qd8 41.
Bb7 Qxc8 42. Bxc8 Nf6 43. Bg5 Kf8 44. Bxa6 Ng4 45. Bd2 Bd8 46. Bxb5 Bb6 47. Be1
Nxh6 48. a4 Nf5 49. a5 Bd4 50. Kg2 Ke7 51. Bc6 Ba7 52. Ba4 Kd6 53. b5 Bc5 54. b6
Nd4 55. Bb4 1-0

[Event "Olimpiade 2022 - Open"]
[Site "Chennai"]
[Date "06.08.2022"]
[Round "8.30"]
[Board "2"]
[White "Al-Zendani, Zendan"]
[Black "Priasmoro, Novendra"]
[Result "0-1"]
[WhiteTitle "IM"]
[BlackTitle "GM"]
[WhiteElo "2284"]
[BlackElo "2494"]
[WhiteTeam "Yemen"]
[BlackTeam "Indonesia"]
[WhiteFideId "9400249"]
[BlackFideId "7105029"]
[EventDate "2022.07.29"]

1. e4 c5 2. Nf3 Nc6 3. d4 cxd4 4. Nxd4 g6 5. Nc3 Bg7 6. Be3 Nf6 7. Bc4 O-O 8.
Bb3 d6 9. f3 Bd7 10. Qd2 Rc8 11. O-O-O Ne5 12. h4 h5 13. Bg5 Rc5 14. Kb1 b5 15.
Rhe1 a5 16. f4 Neg4 17. a3 Qb8 18. f5 a4 19. Ba2 b4 20. axb4 Qxb4 21. Nd5 Nxd5
22. Bxd5 Rb8 23. Qxb4 Rxb4 24. c3 Rxc3 25. Bxe7 Rc8 26. e5 Bxe5 27. Rxe5 Rxd4
28. Rxd4 dxe5 29. Bxf7+ Kxf7 30. Rxd7 gxf5 31. Bg5+ Kg8 32. Ra7 Rc4 33. Ra8+ Kf7
34. Ra7+ Ke6 35. Rh7 Re4 36. Rxh5 Re2 37. Rh8 Rxg2 38. h5 Rh2 39. h6 Kd5 40. Ka2
Rh3 41. h7 Ke4 42. Kb1 Rh2 43. Ka2 Nf2 44. Ka3 Nd3 45. Kxa4 Nxb2+ 46. Kb3 Nd3
47. Kc3 Nf4 48. Kc4 Ng2 49. Bf6 Ne3+ 50. Kc5 Ng4 51. Bg5 Nf2 52. Kd6 Nd3 53. Ke6
f4 54. Bxf4 exf4 55. Kf6 Ne5 56. Re8 Rxh7 57. Rxe5+ Kd3 58. Ra5 f3 59. Kg5 f2 0-1

[Event "Olimpiade 2022 - Open"]
[Site "Chennai"]
[Date "06.08.2022"]
[Round "8.30"]
[Board "3"]
[White "Ervan, Mohamad"]
[Black "Al-Aqrabi, Saleh"]
[Result "1-0"]
[WhiteTitle "IM"]
[BlackTitle "CM"]
[WhiteElo "2402"]
[BlackElo "2172"]
[WhiteTeam "Indonesia"]
[BlackTeam "Yemen"]
[WhiteFideId "7102135"]
[BlackFideId "9400338"]
[EventDate "2022.07.29"]

1. e4 c6 2. Nf3 d5 3. Nc3 Bg4 4. h3 Bh5 5. exd5 cxd5 6. Bb5+ Nc6 7. g4 Bg6 8.
Ne5 Qc7 9. d4 e6 10. Qe2 Bb4 11. Bf4 Qb6 12. O-O Ne7 13. h4 O-O 14. Bxc6 Qxd4
15. Nxg6 Nxg6 16. Be3 Qe5 17. f4 Qf6 18. Bb5 Qxh4 19. Kg2 Bd6 20. Bd3 f5 21. Nb5
Bb8 22. Rh1 Qf6 23. g5 Qe7 24. Raf1 a6 25. Nd4 Bd6 26. Qh5 Rae8 27. Qxh7+ Kf7
28. Rh6 Nh4+ 29. Rxh4 Rh8 30. Qxh8 Rxh8 31. Rxh8 Bc5 32. Nf3 Qc7 33. Bxc5 Qxc5
34. Kg3 Ke7 35. Re1 Kd6 36. Re8 1-0